000 00350nam a22001457a 4500
999 _c257139
_d257138
003 OSt
005 20180806153113.0
008 180806b xxu||||| |||| 00| 0 eng d
020 _a0-06-073132-X
040 _cn/a
100 _aStephen D.Levitt
245 _aFreakonomics
260 _aNew York
_bHarper Collins Publishers
_c2005
942 _2lcc
_cBK